zpět

Detail výsledku týmu

Na Baronce, Humpolec

Datum a čas kvízu

38.5 Celkem bodů Celkový počet nahraných bodů na tomto kvízu bez doplňovacích otázek.
2. Pořadí na kvízu Konečné umístění týmu na tomto kvízu.

Zaznamenané odpovědi

# Otázka Odpověď Body Výsledky
1. Národní protidrogový koordinát... Pavel Bém 1
2. Britská rozhlasová stanice si... krále Karla III. 1
3. Který z těchto amerických mode... A 0
4. Jedna známá česká firma ve stř... Kofola 1
5. Které dva týmy si zahrály leto... MFK Karviná; FK Jablonec 1
6. Téma začneme blbounem nejapným... Nizozemci (Holanďané) 1
7. Na které fotografii je ločidlo... B) 0
8. Pro označení kohouta můžeme v... cock 1
9. U ptáků ještě zůstaneme. Pica... straka 0
10. Poslední název je spíše roztom... střevíčník pantoflíček 1